[Event "CRO-chT1B 26th"]
[Site "Mali Losinj"]
[Date "2017.10.06"]
[Round "9.34"]
[White "Glavas, Dragan"]
[Black "Vujakovic, Branko"]
[Result "1-0"]
[WhiteElo "2285"]
[BlackElo "2355"]
[PlyCount "61"]
[EventDate "2017.09.28"]
[EventType "team-tourn"]
[EventRounds "9"]
[EventCountry "CRO"]
[SourceTitle "EXT 2019"]
[Source "ChessBase"]
[SourceDate "2018.10.10"]
[SourceVersion "1"]
[SourceVersionDate "2018.10.10"]
[SourceQuality "1"]
[WhiteTeam "Pula"]
[BlackTeam "Zagreb Mladost"]
[WhiteTeamCountry "CRO"]
[BlackTeamCountry "CRO"]

1. d4 Nf6 2. c4 g6 3. Nc3 d5 4. Bg5 Bg7 5. Bxf6 Bxf6 6. cxd5 c6 7. e4 Qb6 8. e5 Qxb2 9. Qc1 Qxc1+ 10. Rxc1 Bg5 11. Rd1 0-0 12. h4 Bh6 13. h5 g5 14. Bc4 Rd8 15. Nge2 cxd5 16. Bxd5 Nc6 17. f3 Nb4 18. Bb3 b6 19. g4 Bb7 20. Kf2 Rac8 21. a3 Nc6 22. e6 f5 23. gxf5 Bg7 24. Nd5 Kf8 25. h6 Bh8 26. f6 exf6 27. Ng3 Re8 28. Nf5 Na5 29. e7+ Kf7 30. Nd6+ Ke6 31. Nxc8 1-0

[Event "Zadar op-A 23rd"]
[Site "Zadar"]
[Date "2016.12.12"]
[Round "2"]
[White "Glavas, Dragan"]
[Black "Brkic, Ante"]
[Result "0-1"]
[WhiteElo "2286"]
[BlackElo "2569"]
[PlyCount "50"]
[EventDate "2016.12.11"]
[EventType "swiss"]
[EventRounds "9"]
[EventCountry "CRO"]
[SourceTitle "CBM 176 Extra"]
[Source "ChessBase"]
[SourceDate "2017.03.02"]
[SourceVersion "1"]
[SourceVersionDate "2017.03.02"]
[SourceQuality "1"]

1. d4 Nf6 2. c4 e6 3. Nc3 Bb4 4. e3 0-0 5. Nf3 d5 6. Bd3 c5 7. cxd5 exd5 8. dxc5 Nbd7 9. Bd2 Nxc5 10. Be2 Ne6 11. a3 Be7 12. 0-0 a6 13. Bc1 b5 14. b4 Bb7 15. Nd4 Bd6 16. Bb2 Rc8 17. Bg4 Nxg4 18. Qxg4 Nxd4 19. Qxd4 Rc4 20. Qd2 d4 21. exd4 Rxd4 22. Qe3 Qh4 23. h3 Rg4 24. Rfd1 Bxg2 25. f3 Bh2+ 0-1

[Event "Pula op 30th"]
[Site "Pula"]
[Date "2016.09.17"]
[Round "9"]
[White "Barthel, Ansgar"]
[Black "Glavas, Dragan"]
[Result "0-1"]
[WhiteElo "2211"]
[BlackElo "2274"]
[PlyCount "110"]
[EventDate "2016.09.10"]
[EventType "swiss"]
[EventRounds "9"]
[EventCountry "CRO"]
[SourceTitle "CBM 174 Extra"]
[Source "ChessBase"]
[SourceDate "2016.10.10"]
[SourceVersion "1"]
[SourceVersionDate "2016.10.10"]
[SourceQuality "1"]

1. e4 e6 2. d4 d5 3. Nc3 Bb4 4. e5 Ne7 5. Bd2 Bxc3 6. Bxc3 b6 7. Nf3 a5 8. Bd3 Ba6 9. 0-0 Bxd3 10. Qxd3 Nbc6 11. Bd2 h6 12. c3 a4 13. b4 Qd7 14. Rab1 Rb8 15. c4 dxc4 16. Qxc4 b5 17. Qc5 Nd5 18. Rfc1 Nce7 19. Qc2 0-0 20. Qe4 Rfd8 21. Rc5 Nb6 22. Rd1 Nc4 23. Be1 c6 24. Rd3 Rbc8 25. h4 Qe8 26. g4 Kh8 27. Nd2 Nxd2 28. Bxd2 Qg8 29. Rf3 Rf8 30. Rfc3 Qh7 31. f3 Rfd8 32. Rd3 Rd5 33. Rc2 Rcd8 34. Be3 Qxe4 35. fxe4 Rxe5 36. dxe5 Rxd3 37. Kf2 Ng6 38. Ke2 Ra3 39. Bc1 Rh3 40. Rxc6 Nxe5 41. Rc5 Rh2+ 42. Ke3 Rh3+ 43. Ke2 Nxg4 44. Rxb5 Nf6 45. Rb8+ Kh7 46. b5 Nxe4 47. b6 Nc3+ 48. Kf2 Nxa2 49. Be3 Rxh4 50. Rf8 Rb4 51. Rxf7 Nc3 52. Bf4 Rxb6 53. Be5 Ne4+ 54. Ke3 Nf6 55. Bxf6 Kg6 0-1

[Event "Pula op 30th"]
[Site "Pula"]
[Date "2016.09.15"]
[Round "7"]
[White "Dotlic, Zdravko"]
[Black "Glavas, Dragan"]
[Result "0-1"]
[WhiteElo "2021"]
[BlackElo "2274"]
[PlyCount "144"]
[EventDate "2016.09.10"]
[EventType "swiss"]
[EventRounds "9"]
[EventCountry "CRO"]
[SourceTitle "CBM 174 Extra"]
[Source "ChessBase"]
[SourceDate "2016.10.10"]
[SourceVersion "1"]
[SourceVersionDate "2016.10.10"]
[SourceQuality "1"]

1. e4 e6 2. d4 d5 3. Nc3 Bb4 4. e5 c5 5. a3 Bxc3+ 6. bxc3 Ne7 7. a4 Nbc6 8. Nf3 Qc7 9. Bb5 Bd7 10. 0-0 a6 11. Bd3 c4 12. Be2 f6 13. Bf4 Ng6 14. Bg3 f5 15. Nh4 Nxh4 16. Bxh4 0-0 17. f4 b5 18. axb5 axb5 19. Qd2 Ra5 20. h3 Rfa8 21. Rxa5 Rxa5 22. g4 Ra3 23. gxf5 exf5 24. Bf3 Be6 25. Qg2 Qd7 26. Rb1 Na7 27. Be1 Nc8 28. Bd2 Nb6 29. Qf1 Na8 30. Qc1 Ra4 31. Qb2 Nc7 32. Qc1 Qe7 33. Qe1 Ra2 34. Bg2 Qa3 35. Qh4 Qf8 36. Qe1 Qa8 37. Qd1 h6 38. Be1 Qa4 39. Rc1 Kh7 40. Qe2 Qa3 41. Qd1 Ne8 42. Rb1 Qa4 43. Rb4 Qa5 44. Kh2 Nc7 45. Bh4 Na6 46. Rb1 Qa4 47. Be1 Nc7 48. Rc1 Na6 49. Qe2 Qa3 50. Rb1 Qa4 51. Rc1 b4 52. cxb4 Nxb4 53. Bxb4 Qxb4 54. Bf3 Qc3 55. Qf2 Qb2 56. Qd2 Ra3 57. Rg1 g5 58. Bd1 Rd3 59. Qg2 Rxd4 60. fxg5 Qc3 61. gxh6 Rd2 62. Be2 Qxe5+ 63. Kh1 Qe4 64. Qxe4 dxe4 65. Rg2 Bd5 66. Kg1 e3 67. Rg7+ Kxh6 68. Rd7 Rxe2 69. Rxd5 Rxc2 70. Re5 f4 71. Kf1 c3 72. h4 Rd2 0-1

[Event "Zadar op-A 22nd"]
[Site "Zadar"]
[Date "2015.12.14"]
[Round "2"]
[White "Pecnik, Leo"]
[Black "Glavas, Dragan"]
[Result "1-0"]
[WhiteElo "2343"]
[BlackElo "2242"]
[PlyCount "59"]
[EventDate "2015.12.13"]
[EventType "swiss"]
[EventRounds "9"]
[EventCountry "CRO"]
[SourceTitle "EXT 2017"]
[Source "ChessBase"]
[SourceDate "2016.10.25"]
[SourceVersion "1"]
[SourceVersionDate "2016.10.25"]
[SourceQuality "1"]

1. e4 e6 2. d4 d5 3. e5 c5 4. c3 Qb6 5. Nf3 Bd7 6. Bd3 Bb5 7. dxc5 Bxc5 8. b4 Bxd3 9. Qxd3 Be7 10. a4 Nd7 11. 0-0 a5 12. Be3 Qc7 13. Na3 Nh6 14. Nb5 Qb8 15. Bxh6 gxh6 16. Qe3 0-0 17. Rfe1 f6 18. Nfd4 Ra6 19. Qh3 Nxe5 20. Nxe6 Rf7 21. Nec7 axb4 22. Nxa6 bxa6 23. Nd4 bxc3 24. Nf5 Bf8 25. Qxc3 Qb6 26. Rab1 Qe6 27. Qh3 Qd7 28. Rb8 Qa7 29. Qg3+ Rg7 30. Nxh6+ 1-0

[Event "Zadar op-A 21th"]
[Site "Zadar"]
[Date "2014.12.20"]
[Round "9"]
[White "Glavas, Dragan"]
[Black "Sokac, Marko"]
[Result "0-1"]
[WhiteElo "2283"]
[BlackElo "2315"]
[PlyCount "58"]
[EventDate "2014.12.14"]
[EventType "swiss"]
[EventRounds "9"]
[EventCountry "CRO"]
[SourceTitle "EXT 2016"]
[Source "ChessBase"]
[SourceDate "2015.10.08"]
[SourceVersion "1"]
[SourceVersionDate "2015.10.08"]
[SourceQuality "1"]

1. d4 Nf6 2. c4 e6 3. Nc3 Bb4 4. e3 0-0 5. Nge2 d5 6. a3 Be7 7. cxd5 exd5 8. Qc2 Bg4 9. h3 Bh5 10. Nf4 Bg6 11. Qb3 b6 12. Ncxd5 Be4 13. Nxe7+ Qxe7 14. f3 Bb7 15. h4 Nc6 16. Kf2 Rfe8 17. Bd2 Rad8 18. Re1 Qd7 19. Bb5 a6 20. Bxc6 Bxc6 21. Qc2 Bb5 22. Bc3 Qd6 23. Rd1 Rxe3 24. Kxe3 Re8+ 25. Kf2 Qxf4 26. Kg1 Re2 27. Qc1 Qg3 28. Rh2 Qf2+ 29. Kh1 Nh5 0-1

[Event "CRO-chT2 West"]
[Site "Croatia"]
[Date "2014.03.30"]
[Round "6.33"]
[White "Ugulin, Silvano"]
[Black "Glavas, Dragan"]
[Result "0-1"]
[WhiteElo "2030"]
[BlackElo "2265"]
[PlyCount "80"]
[EventDate "2014.03.15"]
[EventType "team-tourn"]
[EventRounds "9"]
[EventCountry "CRO"]
[SourceTitle "EXT 2019"]
[Source "ChessBase"]
[SourceDate "2018.10.10"]
[SourceVersion "1"]
[SourceVersionDate "2018.10.10"]
[SourceQuality "1"]
[WhiteTeam "Rovinj Batana"]
[BlackTeam "Pula"]
[WhiteTeamCountry "CRO"]
[BlackTeamCountry "CRO"]

1. e4 e6 2. d4 d5 3. Nc3 Bb4 4. e5 c5 5. a3 Bxc3+ 6. bxc3 Ne7 7. Qg4 cxd4 8. cxd4 Qc7 9. Kd1 Nf5 10. Rb1 Bd7 11. Bd3 h5 12. Qf4 g6 13. Ne2 Nc6 14. c3 Na5 15. g4 hxg4 16. Qxg4 Ba4+ 17. Ke1 Nc4 18. h4 0-0-0 19. Rb4 Be8 20. h5 Rxh5 21. Rxh5 gxh5 22. Qg5 Ne7 23. Qxh5 Nc6 24. Rb3 Kb8 25. f4 N6a5 26. Rb4 f5 27. Qh6 Bd7 28. Qg7 Qc8 29. Kf2 Rh8 30. Ng1 Qe8 31. Be2 Bc8 32. a4 Rg8 33. Qh7 Qf8 34. Rb5 Rg7 35. Qh2 Qg8 36. Nf3 Rh7 37. Qg2 Qh8 38. Bxc4 Nxc4 39. a5 Rh1 40. Be3 Ra1 0-1

[Event "CRO-chT2 West"]
[Site "Croatia"]
[Date "2014.03.16"]
[Round "2.15"]
[White "Levar, Nenad"]
[Black "Glavas, Dragan"]
[Result "1/2-1/2"]
[WhiteElo "2099"]
[BlackElo "2265"]
[PlyCount "62"]
[EventDate "2014.03.15"]
[EventType "team-tourn"]
[EventRounds "9"]
[EventCountry "CRO"]
[SourceTitle "EXT 2019"]
[Source "ChessBase"]
[SourceDate "2018.10.10"]
[SourceVersion "1"]
[SourceVersionDate "2018.10.10"]
[SourceQuality "1"]
[WhiteTeam "Karlobag"]
[BlackTeam "Pula"]
[WhiteTeamCountry "CRO"]
[BlackTeamCountry "CRO"]

1. d4 d5 2. Nf3 e6 3. c4 c6 4. Qc2 Nf6 5. Bg5 Nbd7 6. Nbd2 Qa5 7. a3 Ne4 8. Bf4 Be7 9. h4 Ndf6 10. Ng5 Nxg5 11. Bxg5 h6 12. Bxf6 Bxf6 13. b4 Qd8 14. Nf3 a5 15. Rb1 axb4 16. axb4 dxc4 17. Qxc4 Qd5 18. Qd3 Qa2 19. e3 Ra3 20. Qd1 0-0 21. Bd3 Rd8 22. Qc2 Qxc2 23. Bxc2 Bd7 24. 0-0 Rda8 25. Rfc1 Be7 26. Ne5 Be8 27. g3 Kf8 28. Be4 R3a4 29. b5 cxb5 30. Bxb7 Rb8 31. Be4 Ra7 1/2-1/2

[Event "Pula CC-ch"]
[Site "Pula"]
[Date "2014.02.11"]
[Round "8"]
[White "Siljan, Milorad"]
[Black "Glavas, Dragan"]
[Result "0-1"]
[WhiteElo "2067"]
[BlackElo "2261"]
[PlyCount "52"]
[EventDate "2014.01.17"]
[EventType "swiss"]
[EventRounds "9"]
[EventCountry "CRO"]
[SourceTitle "EXT 2016"]
[Source "ChessBase"]
[SourceDate "2015.10.08"]
[SourceVersion "1"]
[SourceVersionDate "2015.10.08"]
[SourceQuality "1"]

1. e4 e6 2. d4 d5 3. Nc3 Bb4 4. e5 c5 5. a3 Bxc3+ 6. bxc3 Ne7 7. f4 Nbc6 8. a4 Qa5 9. Bd2 c4 10. Nf3 Bd7 11. Ra2 f6 12. Be2 0-0-0 13. Qa1 h5 14. 0-0 Nf5 15. Rb1 Nb8 16. Bc1 Bc6 17. Ba3 Na6 18. Bb4 Qc7 19. Rab2 Qf7 20. Qa3 Qg6 21. Bc5 h4 22. Kf2 Qg4 23. Bxa7 Qxf4 24. Rb6 Qe3+ 25. Ke1 Ng3 26. Ng1 Qxg1+ 0-1

[Event "CRO-chT2"]
[Site "Bol"]
[Date "2013.09.20"]
[Round "7.3"]
[White "Ascic, Pero"]
[Black "Glavas, Dragan"]
[Result "1/2-1/2"]
[WhiteElo "2293"]
[BlackElo "2312"]
[PlyCount "76"]
[EventDate "2013.09.14"]
[EventType "team-tourn"]
[EventRounds "9"]
[EventCountry "CRO"]
[SourceTitle "CBM 156 Extra"]
[Source "ChessBase"]
[SourceDate "2013.10.22"]
[SourceVersion "1"]
[SourceVersionDate "2013.10.22"]
[SourceQuality "1"]
[WhiteTeam "Pozega"]
[BlackTeam "Pula"]
[WhiteTeamCountry "CRO"]
[BlackTeamCountry "CRO"]

1. d4 d5 2. c4 c6 3. cxd5 cxd5 4. Nc3 Nf6 5. Nf3 Nc6 6. Bf4 Bg4 7. e3 Qb6 8. Qb3 Qxb3 9. axb3 Bxf3 10. gxf3 e6 11. Bb5 Nh5 12. Bg3 Kd7 13. Ke2 Nxg3+ 14. hxg3 Bb4 15. Ra4 Bxc3 16. bxc3 a6 17. Bxc6+ Kxc6 18. Kd3 h5 19. f4 f6 20. Raa1 g5 21. Rh2 Rh6 22. Rah1 Rah8 23. fxg5 fxg5 24. g4 h4 25. f4 gxf4 26. g5 R6h7 27. exf4 h3 28. Ke3 Rh4 29. Rg1 Kd6 30. g6 Rg8 31. Rg3 Rh6 32. Rhxh3 Rgxg6 33. Rxg6 Rxh3+ 34. Kd2 Rf3 35. Rg7 b6 36. Rb7 Kc6 37. Re7 Kd6 38. Rb7 Kc6 1/2-1/2

[Event "Pula Uljanik CC-ch"]
[Site "Pula"]
[Date "2013.02.15"]
[Round "7"]
[White "Glavas, Dragan"]
[Black "Licardo, Renato"]
[Result "1-0"]
[WhiteElo "2302"]
[BlackElo "2268"]
[PlyCount "111"]
[EventDate "2013.01.17"]
[EventType "swiss"]
[EventRounds "9"]
[EventCountry "CRO"]
[SourceTitle "EXT 2014"]
[Source "ChessBase"]
[SourceDate "2013.11.20"]
[SourceVersion "1"]
[SourceVersionDate "2013.11.20"]
[SourceQuality "1"]

1. d4 Nf6 2. c4 d6 3. Nc3 Nbd7 4. Bg5 c6 5. Nf3 e5 6. e3 Be7 7. Qc2 0-0 8. Be2 Re8 9. 0-0 Ng4 10. Bxe7 Qxe7 11. h3 Ngf6 12. Rfe1 Nf8 13. Bf1 h6 14. d5 c5 15. e4 Nh5 16. g3 Nh7 17. Bg2 Bd7 18. Qe2 g6 19. Kh2 a6 20. Qd2 Kg7 21. a4 b6 22. Ne2 Ng5 23. Nxg5 hxg5 24. Bf3 Rh8 25. Kg2 Bxh3+ 26. Kg1 f5 27. Bg2 Nf4 28. gxf4 gxf4 29. Nxf4 exf4 30. Qc3+ Qf6 31. exf5 Qxc3 32. bxc3 Bxf5 33. Re7+ Kf6 34. Rae1 Rhb8 35. Bf1 Kg5 36. f3 Bc2 37. R1e6 Rd8 38. Rb7 Bf5 39. Re2 b5 40. cxb5 axb5 41. Rg2+ Kf6 42. Bxb5 Rdb8 43. Rxb8 Rxb8 44. Ra2 Ke5 45. c4 Bd3 46. a5 Rb7 47. a6 Ra7 48. Kg2 Kd4 49. Kh3 Ke3 50. Ra3 Kd2 51. Kg4 Kc2 52. Kxf4 Be2 53. Kg5 Bd3 54. f4 Bf5 55. Kf6 Kb2 56. Re3 1-0